Hlavné mestá štátov Európy - Statistics

General Stats
  • This quiz has been taken 1,161 times
  • The average score is 26 of 44
Answer Stats
Nápoveda Odpoveď % Correct
Maďarsko Budapešť
97%
Nemecko Berlín
83%
Grécko Atény
82%
Holandsko Amsterdam
78%
Spojené kráľovstvo Londýn
78%
Taliansko Rím
78%
Rusko Moskva
77%
Česká republika Praha
77%
Rakúsko Viedeň
76%
Portugalsko Lisabon
75%
Vatikán Vatikán
75%
Švajčiarsko Bern
73%
Ukrajina Kyjev
73%
Slovinsko Ľubľana
73%
Fínsko Helsinki
72%
Španielsko Madrid
72%
Belgicko Brusel
67%
Poľsko Varšava
67%
Francúzsko Paríž
66%
Monako Monako
63%
Dánsko Kodaň
62%
Srbsko Belehrad
59%
Slovensko Bratislava
57%
Rumunsko Bukurešť
57%
Bulharsko Sofia
57%
Island Reykjavík
56%
Albánsko Tirana
55%
Nórsko Oslo
53%
Chorvátsko Záhreb
53%
Lotyšsko Riga
52%
Írsko Dublin
50%
Švédsko Štokholm
49%
San Maríno San Maríno
47%
Lichtenštajnsko Vaduz
46%
Čierna Hora Podgorica
45%
Luxembursko Luxemburg
44%
Bielorusko Minsk
41%
Litva Vilnius
40%
Bosna a Hercegovina Sarajevo
37%
Malta Valletta
36%
Moldavsko Kišiňov
31%
Andorra Andorra la Vella
30%
Severné Macedónsko Skopje
27%
Estónsko Tallinn
26%
No matching quizzes found
Score Distribution
Percent of People with Each Score
Percentile by Number Answered
Your Score History
You have not taken this quiz